[Event "Vojvodina-chT 2nd League"]
[Site "Backa Palanka"]
[Date "2020.10.21"]
[Round "8.3"]
[White "Matovic, Petar"]
[Black "Jesenski, Tibor"]
[Result "0-1"]
[WhiteElo "2082"]
[BlackElo "2317"]
[PlyCount "120"]
[EventDate "2020.10.16"]
[EventType "team-tourn"]
[EventRounds "11"]
[EventCountry "SRB"]
[SourceTitle "EXT 2022"]
[Source "ChessBase"]
[SourceDate "2021.10.06"]
[SourceVersion "1"]
[SourceVersionDate "2021.10.06"]
[SourceQuality "1"]
[WhiteTeam "Vojka Sremac"]
[BlackTeam "Backa Pacir"]
[WhiteTeamCountry "SRB"]
[BlackTeamCountry "SRB"]

1. d4 Nf6 2. Nf3 e6 3. Bf4 d5 4. e3 Bd6 5. Bg3 0-0 6. Bd3 c5 7. c3 Qc7 8. Nbd2 Nc6 9. 0-0 e5 10. dxe5 Nxe5 11. Nxe5 Bxe5 12. Bxe5 Qxe5 13. h3 Bf5 14. Qc2 Bxd3 15. Qxd3 Rad8 16. Rad1 Rd7 17. Rfe1 Re8 18. Qb5 Qc7 19. Nf3 a6 20. Qa4 Re4 21. Qc2 b5 22. b3 h6 23. Nd2 Re6 24. Rc1 Qe5 25. a4 Ne4 26. Nxe4 dxe4 27. Red1 Red6 28. axb5 axb5 29. Rxd6 Rxd6 30. c4 b4 31. Rd1 Qc3 32. Qb1 Rd3 33. Qa1 Kh7 34. Rb1 Qc2 35. Rc1 Qd2 36. Rb1 Qc2 37. Rc1 Qxb3 38. Qe5 Rd8 39. Qxe4+ Kg8 40. Qe7 Rd1+ 41. Rxd1 Qxd1+ 42. Kh2 Qh5 43. Qd6 Qf5 44. f4 Kh7 45. Qd1 Qf6 46. Qd5 Qe7 47. Qd3+ g6 48. Kg3 Qb7 49. Qb3 Qa6 50. Qd3 Qa3 51. Qe4 Qc3 52. Kh2 b3 53. f5 b2 54. fxg6+ fxg6 55. h4 h5 56. Kh3 Qf6 57. Kh2 Kh6 58. Qb1 Qxh4+ 59. Kg1 Qf6 60. Qe4 Qf5 0-1

[Event "Vojvodina-chT"]
[Site "Kovacica"]
[Date "2019.11.05"]
[Round "7.5"]
[White "Jesenski, Tibor"]
[Black "Njamcul, Dragan"]
[Result "1-0"]
[WhiteElo "2279"]
[BlackElo "2320"]
[PlyCount "57"]
[EventDate "2019.11.01"]
[EventType "team-tourn"]
[EventRounds "11"]
[EventCountry "SRB"]
[SourceTitle "CBM 192 Extra"]
[Source "Chessbase"]
[SourceDate "2019.11.06"]
[SourceVersion "1"]
[SourceVersionDate "2019.11.06"]
[SourceQuality "1"]
[WhiteTeam "Backa Pacir"]
[BlackTeam "Banatsko Novo Selo"]
[WhiteTeamCountry "SRB"]
[BlackTeamCountry "SRB"]

1. d4 Nf6 2. Nf3 g6 3. g3 Bg7 4. c4 0-0 5. Bg2 c5 6. 0-0 cxd4 7. Nxd4 Nc6 8. Nc3 a6 9. b3 Nxd4 10. Qxd4 d6 11. Bb2 Ng4 12. Qd2 Qa5 13. h3 Nf6 14. Rfd1 Qh5 15. g4 Qh4 16. Nd5 Nxd5 17. Bxg7 Kxg7 18. Qxd5 h5 19. gxh5 Qxh5 20. Qxh5 gxh5 21. Kh2 Rb8 22. Bf3 h4 23. Rd4 Rh8 24. Rg1+ Kf8 25. c5 Rh6 26. Rgd1 dxc5 27. Rd8+ Kg7 28. Re8 Rh8 29. Rg1+ 1-0

[Event "HUN-chT 1819"]
[Site "Hungary"]
[Date "2019.01.27"]
[Round "4.5"]
[White "Farago, Ivan"]
[Black "Jesenski, Tibor"]
[Result "1-0"]
[WhiteElo "2354"]
[BlackElo "2290"]
[PlyCount "97"]
[EventDate "2018.11.17"]
[EventType "team-tourn"]
[EventRounds "9"]
[EventCountry "HUN"]
[SourceTitle "CBM 188 Extra"]
[Source "ChessBase"]
[SourceDate "2019.02.26"]
[SourceVersion "1"]
[SourceVersionDate "2019.02.26"]
[SourceQuality "1"]
[WhiteTeam "Dunaharaszti"]
[BlackTeam "Maroczy"]
[WhiteTeamCountry "HUN"]
[BlackTeamCountry "HUN"]

1. d4 Nf6 2. c4 e6 3. Nf3 d5 4. Nc3 Be7 5. Bf4 0-0 6. e3 b6 7. Rc1 Bb7 8. Be2 dxc4 9. Bxc4 Nd5 10. Bxd5 exd5 11. Nb5 Na6 12. Nxc7 Bb4+ 13. Nd2 Rc8 14. Nb5 Rxc1 15. Qxc1 Qd7 16. Nc3 Bxc3 17. bxc3 Qb5 18. Qb1 Qa5 19. Qb2 Rc8 20. Nb1 Nc7 21. Bxc7 Rxc7 22. 0-0 Ba6 23. Rc1 Bc4 24. a3 b5 25. Nd2 Bd3 26. Nb3 Qb6 27. Nc5 Bc4 28. Rb1 h6 29. Qc2 g6 30. a4 a6 31. Qb2 Kh7 32. a5 Qf6 33. f3 h5 34. e4 h4 35. Qf2 Kg7 36. e5 Qf5 37. Re1 g5 38. e6 Re7 39. Re5 Qf4 40. Qe3 Qxe3+ 41. Rxe3 Kf6 42. exf7 Rxf7 43. Re6+ Kf5 44. Re5+ Kf6 45. Kf2 Rc7 46. Re6+ Kf5 47. g4+ hxg3+ 48. hxg3 Rxc5 49. Rxa6 1-0

[Event "HUN-chT2 Maroczy 1718"]
[Site "Hungary"]
[Date "2018.03.25"]
[Round "8.5"]
[White "Jesenski, Tibor"]
[Black "Liptay, Laszlo"]
[Result "1/2-1/2"]
[WhiteElo "2301"]
[BlackElo "2300"]
[PlyCount "40"]
[EventDate "2017.10.29"]
[EventType "team-tourn"]
[EventRounds "9"]
[EventCountry "HUN"]
[SourceTitle "EXT 2021"]
[Source "ChessBase"]
[SourceDate "2020.10.23"]
[SourceVersion "1"]
[SourceVersionDate "2020.10.23"]
[SourceQuality "1"]
[WhiteTeam "Szeged Maroczy"]
[BlackTeam "Budapest HASE"]
[WhiteTeamCountry "HUN"]
[BlackTeamCountry "HUN"]

1. d4 Nf6 2. Nf3 g6 3. g3 Bg7 4. Bg2 d5 5. c4 dxc4 6. 0-0 0-0 7. Na3 Qd6 8. Nxc4 Qa6 9. Nce5 Bf5 10. Bf4 Be4 11. Re1 Nd5 12. Qc1 Nb4 13. Qxc7 N8c6 14. Nxc6 Nxc6 15. Be3 Rfd8 16. Qf4 Bxf3 17. Qxf3 Bxd4 18. Bxd4 Nxd4 19. Qe4 Rac8 20. Red1 Ne6 1/2-1/2

[Event "HUN-chT2 Asztalos 1617"]
[Site "Hungary"]
[Date "2016.12.11"]
[Round "6.1"]
[White "Taskovits, Istvan"]
[Black "Jesenski, Tibor"]
[Result "1-0"]
[WhiteElo "2302"]
[BlackElo "2344"]
[PlyCount "111"]
[EventDate "2016.09.25"]
[EventType "team-tourn"]
[EventRounds "11"]
[EventCountry "HUN"]
[SourceTitle "EXT 2021"]
[Source "ChessBase"]
[SourceDate "2020.10.23"]
[SourceVersion "1"]
[SourceVersionDate "2020.10.23"]
[SourceQuality "1"]
[WhiteTeam "Decs 1990 II"]
[BlackTeam "Baja"]
[WhiteTeamCountry "HUN"]
[BlackTeamCountry "HUN"]

1. c4 e6 2. Nc3 d5 3. d4 Nf6 4. Nf3 Be7 5. Bf4 0-0 6. e3 c5 7. dxc5 Bxc5 8. Qc2 Nc6 9. a3 Qa5 10. Rd1 Be7 11. Nd2 dxc4 12. Nxc4 Qh5 13. Be2 Qg6 14. Qxg6 hxg6 15. 0-0 Rd8 16. Bf3 Rxd1 17. Rxd1 Bd7 18. Kf1 Be8 19. Ke2 Rd8 20. Rxd8 Nxd8 21. Nd6 Bxd6 22. Bxd6 Bc6 23. e4 b6 24. Ke3 Nb7 25. Be7 Nd7 26. b4 Ne5 27. Be2 f6 28. b5 Be8 29. f4 Nd7 30. Bc4 Ndc5 31. Bxc5 Nxc5 32. Ne2 Kf8 33. Nd4 Ke7 34. e5 Bd7 35. Bd3 g5 36. g3 gxf4+ 37. gxf4 f5 38. Be2 Ne4 39. Bf3 Nc3 40. Bc6 Na4 41. Kd3 Nc5+ 42. Kc4 Kd8 43. Bxd7 Kxd7 44. Nc6 a5 45. Nxa5 Ne4 46. Nc6 Nf2 47. Nd4 Nh3 48. Ne2 g5 49. fxg5 Nxg5 50. Nd4 Nh3 51. Kd3 Nf2+ 52. Ke2 Ne4 53. h4 Nc3+ 54. Kf3 Nb1 55. h5 Nxa3 56. h6 1-0

[Event "Vojvodina-chT"]
[Site "Kac"]
[Date "2016.11.17"]
[Round "4.4"]
[White "Jesenski, Tibor"]
[Black "Omorjan, Dejan"]
[Result "0-1"]
[WhiteElo "2345"]
[BlackElo "2235"]
[PlyCount "80"]
[EventDate "2016.11.15"]
[EventType "team-tourn"]
[EventRounds "11"]
[EventCountry "SRB"]
[SourceTitle "CBM 175 Extra"]
[Source "ChessBase"]
[SourceDate "2016.12.12"]
[SourceVersion "1"]
[SourceVersionDate "2016.12.12"]
[SourceQuality "1"]
[WhiteTeam "Backa Pacir"]
[BlackTeam "Vojvodina"]
[WhiteTeamCountry "SRB"]
[BlackTeamCountry "SRB"]

1. d4 Nf6 2. Nf3 g6 3. c4 Bg7 4. g3 0-0 5. Bg2 d6 6. 0-0 c5 7. d5 Na6 8. Nc3 Nc7 9. Bf4 Rb8 10. a4 a6 11. a5 b5 12. axb6 Rxb6 13. Qc2 e6 14. e4 exd5 15. cxd5 h6 16. Nd2 g5 17. Bxd6 Rxd6 18. Nc4 Rd7 19. Nb6 Nb5 20. Nxd7 Nxd7 21. Nxb5 axb5 22. f4 Bd4+ 23. Kh1 Nf6 24. Qe2 Ng4 25. Qxb5 Ne3 26. Qc6 Qe7 27. Rae1 Nxg2 28. Kxg2 Kg7 29. f5 Qb7 30. Qxb7 Bxb7 31. Ra1 Rb8 32. Ra2 Kf6 33. Re1 Ke5 34. Re2 Ra8 35. Rxa8 Bxa8 36. b4 cxb4 37. Ra2 Bb7 38. Kf3 b3 39. Ra3 b2 40. Rb3 Ba6 0-1

[Event "Vojvodina-chT"]
[Site "Kac"]
[Date "2016.11.16"]
[Round "2.4"]
[White "Jesenski, Tibor"]
[Black "Tomic, Zivan"]
[Result "1-0"]
[WhiteElo "2345"]
[BlackElo "2058"]
[PlyCount "51"]
[EventDate "2016.11.15"]
[EventType "team-tourn"]
[EventRounds "11"]
[EventCountry "SRB"]
[SourceTitle "CBM 175 Extra"]
[Source "ChessBase"]
[SourceDate "2016.12.12"]
[SourceVersion "1"]
[SourceVersionDate "2016.12.12"]
[SourceQuality "1"]
[WhiteTeam "Backa Pacir"]
[BlackTeam "Bilecanin"]
[WhiteTeamCountry "SRB"]
[BlackTeamCountry "SRB"]

1. d4 Nf6 2. Nf3 d6 3. c4 Nbd7 4. g3 g6 5. Bg2 Bg7 6. 0-0 0-0 7. Nc3 c6 8. e4 e5 9. h3 Re8 10. Be3 Qc7 11. Qc2 a6 12. a4 Nf8 13. Rfd1 N6d7 14. b3 Rb8 15. Rd2 Qa5 16. Rad1 Qc7 17. b4 Nf6 18. d5 cxd5 19. cxd5 Bd7 20. Rc1 Rec8 21. Rdd1 Qc4 22. Qb1 a5 23. bxa5 Bxa4 24. Nd2 Bxd1 25. Nxc4 Rxc4 26. Nxd1 1-0

[Event "Vojvodina-chT"]
[Site "Novi Sad"]
[Date "2015.11.15"]
[Round "7.3"]
[White "Jesenski, Tibor"]
[Black "Dimitrijevic, Nenad"]
[Result "1/2-1/2"]
[WhiteElo "2341"]
[BlackElo "2166"]
[PlyCount "93"]
[EventDate "2015.11.10"]
[EventType "team-tourn"]
[EventRounds "9"]
[EventCountry "SRB"]
[SourceTitle "CBM 169 Extra"]
[Source "ChessBase"]
[SourceDate "2015.12.18"]
[SourceVersion "1"]
[SourceVersionDate "2015.12.18"]
[SourceQuality "1"]
[WhiteTeam "Backa Pacir"]
[BlackTeam "Novi Banovci Omladinac"]
[WhiteTeamCountry "SRB"]
[BlackTeamCountry "SRB"]

1. d4 Nf6 2. c4 d6 3. Nf3 Bg4 4. g3 Bxf3 5. exf3 g6 6. Bg2 c6 7. 0-0 Bg7 8. Nc3 0-0 9. f4 e6 10. d5 exd5 11. cxd5 c5 12. f5 Na6 13. fxg6 hxg6 14. Bg5 Qd7 15. Qf3 Ng4 16. h3 Ne5 17. Qe2 c4 18. f4 Nd3 19. f5 Nac5 20. f6 Rfe8 21. Qd2 Bf8 22. Bh6 Kh7 23. Bxf8 Rxf8 24. Qg5 Rh8 25. Qh4+ Kg8 26. Qxc4 Nxb2 27. Qb5 Qxb5 28. Nxb5 Nc4 29. Rfc1 a6 30. Nxd6 Nxd6 31. Rxc5 Rh5 32. Rc7 Rf5 33. Rf1 Rxf1+ 34. Kxf1 Rd8 35. h4 Ne8 36. Rxb7 Nxf6 37. Rb6 Nxd5 38. Bxd5 Rxd5 39. Rxa6 Rd2 40. a4 Kg7 41. a5 Ra2 42. Ra8 Kf6 43. a6 Kf5 44. a7 Kg4 45. h5 Kf3 46. Ke1 gxh5 47. Kd1 1/2-1/2

[Event "Vojvodina-chT"]
[Site "Novi Sad"]
[Date "2015.11.14"]
[Round "6.3"]
[White "Bulajic, Ratko"]
[Black "Jesenski, Tibor"]
[Result "1/2-1/2"]
[WhiteElo "2325"]
[BlackElo "2341"]
[PlyCount "22"]
[EventDate "2015.11.10"]
[EventType "team-tourn"]
[EventRounds "9"]
[EventCountry "SRB"]
[SourceTitle "CBM 169 Extra"]
[Source "ChessBase"]
[SourceDate "2015.12.18"]
[SourceVersion "1"]
[SourceVersionDate "2015.12.18"]
[SourceQuality "1"]
[WhiteTeam "Sombor"]
[BlackTeam "Backa Pacir"]
[WhiteTeamCountry "SRB"]
[BlackTeamCountry "SRB"]

1. d4 d5 2. c4 e6 3. Nc3 Nf6 4. Bg5 Be7 5. e3 h6 6. Bh4 0-0 7. Nf3 Ne4 8. Bxe7 Qxe7 9. Qc2 Nxc3 10. Qxc3 c6 11. Rc1 b6 1/2-1/2

[Event "Vojvodina-chT"]
[Site "Novi Sad"]
[Date "2015.11.13"]
[Round "4.3"]
[White "Leskur, Dejan"]
[Black "Jesenski, Tibor"]
[Result "1-0"]
[WhiteElo "2376"]
[BlackElo "2341"]
[PlyCount "63"]
[EventDate "2015.11.10"]
[EventType "team-tourn"]
[EventRounds "9"]
[EventCountry "SRB"]
[SourceTitle "CBM 169 Extra"]
[Source "ChessBase"]
[SourceDate "2015.12.18"]
[SourceVersion "1"]
[SourceVersionDate "2015.12.18"]
[SourceQuality "1"]
[WhiteTeam "Elemir Naftagas"]
[BlackTeam "Backa Pacir"]
[WhiteTeamCountry "SRB"]
[BlackTeamCountry "SRB"]

1. e4 e5 2. Nf3 Nc6 3. Bb5 a6 4. Ba4 Nf6 5. d3 b5 6. Bb3 d6 7. c3 Be7 8. 0-0 0-0 9. Re1 Bb7 10. Nbd2 d5 11. exd5 Nxd5 12. Ne4 f6 13. d4 Kh8 14. dxe5 Nxe5 15. Nxe5 fxe5 16. Qh5 Nf6 17. Nxf6 Rxf6 18. Qxe5 Bd6 19. Qh5 Rg6 20. g3 Qd7 21. Bc2 Qc6 22. f3 Re8 23. Bxg6 Rxe1+ 24. Kf2 Qxf3+ 25. Qxf3 Bxf3 26. Kxe1 hxg6 27. Bf4 Kg8 28. Kf2 Bd5 29. Bxd6 cxd6 30. Rd1 Bxa2 31. Rxd6 a5 32. Rxg6 1-0